ARRUPE JESUIT UNIVERSITY

CORONAVIRUS -STOP THE SPREAD - CLEAN,DISINFECT,COVER

The Catholic school : (Record no. 126180)

MARC details
000 -LEADER
fixed length control field 00921cam a2200265 a 4500
001 - CONTROL NUMBER
control field 2895916
003 - CONTROL NUMBER IDENTIFIER
control field ARRUPE
005 - DATE AND TIME OF LATEST TRANSACTION
control field 20170302100610.0
008 - FIXED-LENGTH DATA ELEMENTS--GENERAL INFORMATION
fixed length control field 870903s1988 nyu b 001 0 eng
010 ## - LIBRARY OF CONGRESS CONTROL NUMBER
LC control number 87025387
020 ## - INTERNATIONAL STANDARD BOOK NUMBER
International Standard Book Number 0824508572 :
Terms of availability $24.50
040 ## - CATALOGING SOURCE
Original cataloging agency DLC
Transcribing agency DLC
Modifying agency DLC
043 ## - GEOGRAPHIC AREA CODE
Geographic area code n-us---
050 00 - LIBRARY OF CONGRESS CALL NUMBER
Classification number LC501
Item number .B628 1988
082 00 - DEWEY DECIMAL CLASSIFICATION NUMBER
Classification number 377/.82
Edition number 19
300 ## - PHYSICAL DESCRIPTION
Dimensions 21 cm.
100 ## - MAIN ENTRY--PERSONAL NAME
Personal name Congregation for Catholic Education
9 (RLIN) 22682
245 14 - TITLE STATEMENT
Title The Catholic school :
Statement of responsibility, etc Congregation for Catholic education
260 ## - PUBLICATION, DISTRIBUTION, ETC. (IMPRINT)
Place of publication, distribution, etc Rome :
Name of publisher, distributor, etc Incorporated Catholic Truth Society,
Date of publication, distribution, etc 1977.
300 ## - PHYSICAL DESCRIPTION
Extent 35 p. ;
610 20 - SUBJECT ADDED ENTRY--CORPORATE NAME
Corporate name or jurisdiction name as entry element Catholic Church
General subdivision Education
9 (RLIN) 3090
906 ## - LOCAL DATA ELEMENT F, LDF (RLIN)
a 7
b cbc
c orignew
d 1
e ocip
f 19
g y-gencatlg
942 ## - ADDED ENTRY ELEMENTS (KOHA)
Source of classification or shelving scheme Library of Congress Classification
Koha item type Monograph ( Printed materials)
Holdings
Withdrawn status Lost status Source of classification or shelving scheme Damaged status Not for loan Collection code Home library Current library Shelving location Date acquired Total Checkouts Full call number Barcode Date last seen Price effective from Koha item type
    Library of Congress Classification     Main Collection ARRUPE LIBRARY ARRUPE LIBRARY Main Collection 22/02/2017   BX1912.5.C62 1977 46500025775 22/11/2017 22/02/2017 Monograph ( Printed materials)

 

Arrupe Library. PO Box MP320 Mt Pleasant, Harare, Zimbabwe
263 242 745411|librarian@aju.ac.zw